| 000 | 01529nam0a22003611 4500 | ||
|---|---|---|---|
| 001 | RU\NLR\INFOCOMM_41\5000242056 | ||
| 005 | 20250613085928.0 | ||
| 035 | _a(NLR Aleph) 009047668 | ||
| 090 |
_a9566181 _c9566181 |
||
| 100 | _a20080827d1975 |||y0rusy50 ca | ||
| 101 | 0 |
_aeng _drus |
|
| 102 | _aRU | ||
| 105 | _aa z 000zy | ||
| 200 | 1 |
_aElastic scattering of high-energy hadrons from nuclei _fG. D. Alkhazov |
|
| 210 |
_aL. _c[s.n.] _d1975 |
||
| 215 |
_a57 с. _cграфик _d20 см |
||
| 225 | 1 |
_a[Preprint] _fAcad. of sciences of the USSR, Leningrad nuclear physics. inst. _v200 |
|
| 300 | _aНа обл. надзаг. на рус. яз. | ||
| 300 | _aРез. на рус. яз. | ||
| 300 | _aНа обороте тит. л.: Упругое рассеяние высокоэнергичных адронов на ядрах/ Г. Д. Алхазов | ||
| 300 | _aНаправлено в журнал "Nuclear physics" | ||
| 320 | _aБиблиогр.: с. 56-57 | ||
| 517 | 1 |
_aУпругое рассеяние высокоэнергичных адронов на ядрах _zrus |
|
| 606 |
_aАдроны _xРассеяние на ядрах при больших энергиях _2nlr_sh1 |
||
| 686 |
_aВ382.3 _2rubbk |
||
| 700 | 1 |
_4070 _7ba _8rus _aAlchazov _bG. D. _f1940- _gGeorgij Dmitrievič _9178027 _3RU\NLR\AUTH\770178078 |
|
| 790 | 1 |
_9z01700 _aAlkhazov _bG. D. _4070 |
|
| 801 | 1 |
_aRU _bNLR _c20080827 |
|
| 801 | 0 |
_aRU _bNLR _gPSBO |
|
| 852 |
_aNLR _jФз01 Д-4/684 |
||
| 942 | _cBOOK | ||
| 980 | _aNB | ||